000 00775nam a2200205Ii 4500
003 JO-AjNU
008 230605s9999||||xx |||||||||||||| ||und||
040 _aJO-AjNU
_bara
_erda
_cJO-AjNU
041 _aara
050 1 4 _aBP136.72.I2627 1988
100 3 _aالمقدسي، الحافظ محمد بن طاهر ، تحقيق باسم الجوابرة,
_eauthor
_939835
245 0 0 _aإيضاح الأشكال
250 _aط1
264 3 1 _aالكويت: مكتبة المعلا، 1988
300 _a177ص
336 _atext
_btxt
_2rdacontent
337 _aunmediated
_bn
_2rdamedia
338 _avolume
_bnc
_2rdacarrier
650 4 _aالحديث- مشكل الاسماء و الكنى والالقاب والانساب في الحديث- الحديث- اسناد
_939836
999 _aA16857
_c20425
_d20425